000 00602nam a2200241Ia 4500
003 OSt
005 20221007095344.0
006 a|||||r|||| 00| 0
007 ta
008 221006b |||||||| |||| 00| 0 eng d
020 _a0455157103
024 _a1,512
037 _cTextual
040 _aLCO
_cLCO
_beng
041 _2eng
_aeng
082 _aZ8,5, L0
100 _aHoward C.
_9106181
245 0 _aAustrialian Criminal Law
250 _a2nd
260 _aMelbourne
_bThe Law Book Company India
_c1970
942 _hZ8,5, L0
_cTEXL
999 _c1171075
_d1171075